书目信息 |
| 题名: |
上帝的笑:小故事中的大智慧
|
|
| 作者: | 张建鹏 , 胡足青 主编 | |
| 分册: | ||
| 出版信息: | 北京 当代世界出版社 2004.03 |
|
| 页数: | 384页 | |
| 开本: | 20cm | |
| 丛书名: | 小中见大智慧丛书 | |
| 单 册: | ||
| 中图分类: | I247.8 | |
| 科图分类: | ||
| 主题词: | 小说--中国 | |
| 电子资源: | ||
| ISBN: | 7-80115-390-1 | |
| 000 | 00812nam0 2200241 45 | |
| 001 | 0456230933 | |
| 005 | 2004051715371068 | |
| 010 | @a7-80115-390-1@dCNY 21.00 | |
| 100 | @a20040517d2004 km y0chiy0120 ea | |
| 101 | 0 | @achi |
| 102 | @aCN@b110000 | |
| 200 | 1 | @a上帝的笑:小故事中的大智慧@AShang Di De Xiao:Xiao Gu Shi Zhong De Da Zhi Hui@e小故事中的大智慧@f张建鹏,胡足青主编@FZhang Jian Peng,Hu Zu Qing Zhu Bian |
| 210 | @a北京@c当代世界出版社@d2004.03 | |
| 215 | @a384页@d20cm | |
| 225 | 2 | @a小中见大智慧丛书 |
| 410 | 0 | @12001 @a小中见大智慧丛书 |
| 517 | @a小故事中的大智慧@AXiao Gu Shi Zhong De Da Zhi Hui | |
| 606 | 0 | @a小说@x中国 |
| 690 | @aI247.8@v3 | |
| 701 | 0 | @a张建鹏@AZhang Jian Peng@4主编 |
| 701 | 0 | @a胡足青@AHu Zu Qing@4主编 |
| 801 | 0 | @aCN@bPFT@c20040517 |
| 905 | @a安徽大学@dI247.8@eZ1241 | |
| 上帝的笑:小故事中的大智慧:小故事中的大智慧/张建鹏,胡足青主编.-北京:当代世界出版社,2004.03 |
| 384页;20cm.-(小中见大智慧丛书) |
| ISBN 7-80115-390-1:CNY 21.00 |
| ● |
| 相关链接 |
|
|
|
正题名:上帝的笑:小故事中的大智慧
索取号:I247.8/Z1241
 
预约/预借
| 序号 | 登录号 | 条形码 | 馆藏地/架位号 | 状态 | 备注 |
| 1 | 375734 | 203757345 | 文学库108/ [索取号:I247.8/Z1241] | 在馆 | |
| 2 | 375735 | 203757354 | 社科二线400B/400B社科库 24排2列5层/ [索取号:I247.8/Z1241] | 在馆 |